[Event "BL2 West 1617 (Women)"]
[Site "Germany"]
[Date "2016.10.23"]
[Round "2.1"]
[White "Sewald, Kathrin"]
[Black "Nowicki, Eva"]
[Result "1/2-1/2"]
[WhiteElo "1858"]
[BlackElo "2046"]
[PlyCount "27"]
[EventDate "2016.10.22"]
[EventType "team-tourn"]
[EventRounds "7"]
[EventCountry "GER"]
[SourceTitle "EXT 2018"]
[Source "ChessBase"]
[SourceDate "2017.10.13"]
[SourceVersion "1"]
[SourceVersionDate "2017.10.13"]
[SourceQuality "1"]
[WhiteTeam "Muenster (W)"]
[BlackTeam "Wattenscheid (W)"]
[WhiteTeamCountry "GER"]
[BlackTeamCountry "GER"]

1. e4 c5 2. d3 d6 3. g3 Nc6 4. Bg2 g6 5. f4 Bg7 6. Nf3 e6 7. c3 Nge7 8. 0-0 d5 9. Qc2 0-0 10. g4 f5 11. gxf5 gxf5 12. e5 Ng6 13. Qf2 Qe7 14. Be3 1/2-1/2

[Event "BL2 West 1516 (Women)"]
[Site "Germany"]
[Date "2015.12.05"]
[Round "3.2"]
[White "Veldhuis, Karina"]
[Black "Nowicki, Eva"]
[Result "1/2-1/2"]
[WhiteElo "1687"]
[BlackElo "2035"]
[PlyCount "38"]
[EventDate "2015.09.26"]
[EventType "team-tourn"]
[EventRounds "7"]
[EventCountry "GER"]
[SourceTitle "EXT 2017"]
[Source "ChessBase"]
[SourceDate "2016.10.25"]
[SourceVersion "1"]
[SourceVersionDate "2016.10.25"]
[SourceQuality "1"]
[WhiteTeam "Steinfurt (W)"]
[BlackTeam "Wattenscheid (W)"]
[WhiteTeamCountry "GER"]
[BlackTeamCountry "GER"]

1. d4 d5 2. Nf3 a6 3. e3 Nf6 4. Bd3 Bg4 5. Nbd2 e6 6. c3 Nbd7 7. e4 dxe4 8. Nxe4 Nxe4 9. Bxe4 c6 10. Bf4 Nf6 11. Bd3 Bd6 12. Bxd6 Qxd6 13. Qe2 0-0 14. Qe5 Rfd8 15. Qxd6 Rxd6 16. Ne5 Bh5 17. Be2 Bxe2 18. Kxe2 Rad8 19. Rad1 Kf8 1/2-1/2

[Event "BL2 West 1415 (Women)"]
[Site "Germany"]
[Date "2015.03.28"]
[Round "6.2"]
[White "Evers, Annika"]
[Black "Nowicki, Eva"]
[Result "0-1"]
[WhiteElo "1805"]
[BlackElo "2071"]
[PlyCount "158"]
[EventDate "2014.09.27"]
[EventType "team-tourn"]
[EventRounds "7"]
[EventCountry "GER"]
[SourceTitle "CBM 166 Extra"]
[Source "ChessBase"]
[SourceDate "2015.06.18"]
[SourceVersion "1"]
[SourceVersionDate "2015.06.18"]
[SourceQuality "1"]
[WhiteTeam "Harksheide (W)"]
[BlackTeam "Wattenscheid (W)"]
[WhiteTeamCountry "GER"]
[BlackTeamCountry "GER"]

1. d4 d5 2. Nf3 c6 3. e3 Nf6 4. Bd3 Bg4 5. Nbd2 Nbd7 6. Be2 e6 7. b3 Bb4 8. 0-0 0-0 9. Bb2 a5 10. a3 Bxd2 11. Nxd2 Bxe2 12. Qxe2 Qc7 13. c4 Qb6 14. Qd3 Rfd8 15. Qc2 Rdc8 16. Rfc1 Qc7 17. h3 Qd8 18. Re1 dxc4 19. Nxc4 Nb6 20. Ne5 Nbd7 21. Nc4 Nb6 22. Ne5 Nbd7 23. Nc4 Qe7 24. a4 b5 25. Ba3 b4 26. Bb2 c5 27. Qd1 Nd5 28. Rc1 cxd4 29. Bxd4 f6 30. e4 Nf4 31. Be3 Ng6 32. f4 Ngf8 33. Rc2 h6 34. Qc1 Qd8 35. Rd1 Rc6 36. Nd6 Rxc2 37. Qxc2 Qb8 38. Qc4 Kh7 39. Kh1 Nb6 40. Qc6 Nbd7 41. Rc1 Qd8 42. Qb7 Qb8 43. Qxb8 Rxb8 44. Rc7 Ra8 45. Nc4 Nb8 46. Bb6 Na6 47. Ra7 Rxa7 48. Bxa7 Nd7 49. Nxa5 Ndc5 50. e5 fxe5 51. fxe5 Nd3 52. Bd4 Kg6 53. g4 h5 54. Kg2 Nf4+ 55. Kh2 hxg4 56. hxg4 Kg5 57. Be3 Kxg4 58. Nc4 Nd3 59. Kg2 Kf5 60. Kf3 Nxe5+ 61. Nxe5 Kxe5 62. Bc1 Kf5 63. Bb2 g5 64. Bd4 g4+ 65. Ke3 Nc7 66. a5 Na6 67. Kd3 Kf4 68. Kc4 e5 69. Bb6 e4 70. Kb5 e3 71. Kxa6 e2 72. Bf2 Kf3 73. Be1 g3 74. Bxg3 Kxg3 75. Kb7 e1Q 76. a6 Qe7+ 77. Kb8 Qd6+ 78. Kb7 Qd5+ 79. Kb6 Qxb3 0-1

[Event "BL 1213 (Women)"]
[Site "Germany"]
[Date "2012.12.02"]
[Round "4.4"]
[White "Lakos, Nikoletta"]
[Black "Nowicki, Eva"]
[Result "1-0"]
[WhiteElo "2290"]
[BlackElo "2074"]
[PlyCount "87"]
[EventDate "2012.10.06"]
[EventType "team-tourn"]
[EventRounds "11"]
[EventCountry "GER"]
[SourceTitle "EXT 2014"]
[Source "ChessBase"]
[SourceDate "2013.11.20"]
[SourceVersion "1"]
[SourceVersionDate "2013.11.20"]
[SourceQuality "1"]
[WhiteTeam "Halle Volksbank (W)"]
[BlackTeam "Wattenscheid (W)"]
[WhiteTeamCountry "GER"]
[BlackTeamCountry "GER"]

1. e4 c5 2. b3 d6 3. Bb2 e5 4. Bc4 Nf6 5. d3 a6 6. a4 Nbd7 7. Ne2 Be7 8. 0-0 Nb6 9. Nbc3 0-0 10. a5 Nxc4 11. dxc4 Be6 12. Qd3 Nh5 13. Nd5 Bxd5 14. Qxd5 Qd7 15. Bxe5 Qg4 16. f3 Qg5 17. Bb2 Qxd5 18. cxd5 Bf6 19. Bxf6 Nxf6 20. Nc3 Nd7 21. Na4 f6 22. Nb2 Ne5 23. f4 Nf7 24. Rfe1 Rfe8 25. Nc4 Re7 26. Re3 Rae8 27. Rae1 h6 28. Kf2 Kf8 29. g3 Kg8 30. Kf3 Kf8 31. h3 Kg8 32. Rb1 Rc8 33. Ke2 Kf8 34. Kd3 Rd8 35. b4 cxb4 36. Rxb4 Rc7 37. Kd4 Rdc8 38. Reb3 Ke8 39. Ne3 Nd8 40. Nf5 Rd7 41. c4 g6 42. Nxh6 Rh7 43. Ng4 Ke7 44. Rxb7+ 1-0

[Event "BL2 Mitte 1011 (Women)"]
[Site "Germany"]
[Date "2011.02.20"]
[Round "7.4"]
[White "V D Weth V Nordheim, Petra"]
[Black "Nowicki, Eva"]
[Result "1-0"]
[WhiteElo "1823"]
[BlackElo "2076"]
[PlyCount "83"]
[EventDate "2010.11.06"]
[EventType "team-tourn"]
[EventRounds "7"]
[EventCountry "GER"]
[SourceTitle "EXT 2012"]
[Source "ChessBase"]
[SourceDate "2011.11.24"]
[SourceVersion "1"]
[SourceVersionDate "2011.11.24"]
[SourceQuality "1"]
[WhiteTeam "Zeulenroda (W)"]
[BlackTeam "Wattenscheid (W)"]
[WhiteTeamCountry "GER"]
[BlackTeamCountry "GER"]

1. d4 d5 2. e3 Nf6 3. Bd3 c5 4. c3 e6 5. Nd2 Nc6 6. f4 a6 7. Ngf3 c4 8. Bc2 b5 9. 0-0 Bb7 10. Ne5 Be7 11. Rf3 Qc7 12. Rh3 g6 13. g4 Nxe5 14. fxe5 Ne4 15. Nxe4 dxe4 16. Qf1 Bg5 17. Bd2 Bd5 18. Qg2 Qb7 19. Rf1 0-0-0 20. Be1 Rdf8 21. Bh4 Bxh4 22. Rxh4 h6 23. g5 hxg5 24. Rxh8 Rxh8 25. Qxg5 Rh5 26. Qf6 Rf5 27. Qh8+ Kc7 28. Qf8 Qc6 29. Qe7+ Kb8 30. Bd1 Rxf1+ 31. Kxf1 Qc7 32. Qxc7+ Kxc7 33. Kf2 a5 34. Kg3 b4 35. Kf4 b3 36. a3 Kd8 37. Kg5 Ke7 38. Be2 Ke8 39. Kf6 Kf8 40. h4 Ke8 41. h5 gxh5 42. Bxh5 1-0

[Event "Regionalliga West 0304 (Women)"]
[Site "Germany"]
[Date "2004.02.29"]
[Round "4.1"]
[White "Houben, Claudia"]
[Black "Nowicki, Eva"]
[Result "0-1"]
[WhiteElo "1468"]
[BlackElo "2072"]
[PlyCount "76"]
[EventDate "2003.10.26"]
[EventType "team"]
[EventRounds "5"]
[EventCountry "GER"]
[SourceTitle "EXT 2006"]
[Source "ChessBase"]
[SourceDate "2005.11.24"]
[SourceVersion "1"]
[SourceVersionDate "2005.11.24"]
[SourceQuality "1"]
[WhiteTeam "Heinsberg (W)"]
[BlackTeam "Oberhausen (W)"]
[WhiteTeamCountry "GER"]
[BlackTeamCountry "GER"]

1. e4 c5 2. b3 d6 3. Bb2 Nc6 4. Bb5 e5 5. Nc3 Nf6 6. Nge2 Bd7 7. 0-0 a6 8. Bxc6 Bxc6 9. d3 Be7 10. f4 Qc7 11. Ng3 0-0-0 12. Qe1 exf4 13. Rxf4 d5 14. e5 Bf8 15. Qe2 Re8 16. Re1 d4 17. Nd1 Nd5 18. Rf2 Kb8 19. c3 dxc3 20. Nxc3 f6 21. Nxd5 Bxd5 22. d4 cxd4 23. Bxd4 Bb4 24. Rd1 fxe5 25. Be3 Bc6 26. Qc4 a5 27. Rf7 Re7 28. Rf5 g6 29. Rf2 Rhe8 30. Rdf1 Rc8 31. Ne4 Bxe4 32. Qxe4 Qc6 33. Qxc6 Rxc6 34. Rf8+ Kc7 35. R1f2 Rd7 36. Re2 Bxf8 37. Bg5 Bc5+ 38. Be3 Rd1+ 0-1

[Event "Ruhrgebiet VL1 0304"]
[Site "Ruhrgebiet"]
[Date "2003.09.28"]
[Round "1.8"]
[White "Nowicki, Eva"]
[Black "Rogge, Uwe"]
[Result "1/2-1/2"]
[WhiteElo "2032"]
[BlackElo "1772"]
[PlyCount "65"]
[EventDate "2003.09.28"]
[EventType "team"]
[EventRounds "9"]
[EventCountry "GER"]
[SourceTitle "EXT 2007"]
[Source "ChessBase"]
[SourceDate "2006.11.23"]
[SourceVersion "1"]
[SourceVersionDate "2006.11.23"]
[SourceQuality "1"]
[WhiteTeam "Oberhausen"]
[BlackTeam "Osterfeld"]
[WhiteTeamCountry "GER"]
[BlackTeamCountry "GER"]

1. e4 e5 2. Nf3 Nc6 3. Bb5 a6 4. Ba4 Nf6 5. 0-0 b5 6. Bb3 Be7 7. Re1 0-0 8. c3 d5 9. exd5 Nxd5 10. d4 exd4 11. Nxd4 Nxd4 12. Qxd4 Bb7 13. Nd2 Bf6 14. Qd3 Nf4 15. Qxd8 Raxd8 16. Ne4 Nd3 17. Nxf6+ gxf6 18. Rd1 Nxc1 19. Raxc1 Rfe8 20. Rxd8 Rxd8 21. Rd1 Rxd1+ 22. Bxd1 Bd5 23. a4 bxa4 24. Bxa4 a5 25. f3 Kf8 26. Kf2 Ke7 27. Bc2 h6 28. Kg3 Be6 29. Bd3 c5 30. Kh4 Kf8 31. Kg3 Kg7 32. Kf4 Kf8 33. Kg3 1/2-1/2

[Event "BL2 West 9899 (Women)"]
[Site "Germany"]
[Date "1999.??.??"]
[Round "?"]
[White "Nowicki, Eva"]
[Black "Schultz, Heide"]
[Result "1-0"]
[WhiteElo "2065"]
[BlackElo "2010"]
[PlyCount "51"]
[EventDate "1998.10.??"]
[EventType "team-tourn"]
[EventRounds "7"]
[EventCountry "GER"]
[SourceTitle "EXT 2000"]
[Source "ChessBase"]
[SourceDate "1999.11.16"]
[SourceVersion "1"]
[SourceVersionDate "1999.11.16"]
[SourceQuality "1"]

1. e4 Nf6 2. Nc3 d5 3. e5 Ne4 4. Nxe4 dxe4 5. d4 exd3 6. Qxd3 Qxd3 7. Bxd3 Nc6 8. f4 Nb4 9. Be4 c6 10. Bd2 e6 11. a3 Nd5 12. Ne2 f5 13. Bd3 Be7 14. 0-0 Rg8 15. c4 Nc7 16. b4 b6 17. Nd4 Bb7 18. Bc2 0-0-0 19. Bc3 c5 20. Nxe6 Nxe6 21. Bxf5 Rgf8 22. Bxe6+ Kc7 23. f5 Bg5 24. Rad1 h5 25. Bd5 Bc8 26. e6 1-0

[Event "BL 9495 (Women)"]
[Site "Germany"]
[Date "1995.02.18"]
[Round "8.3"]
[White "Nowicki, Eva"]
[Black "Guenther, Anetta"]
[Result "1/2-1/2"]
[WhiteElo "2125"]
[BlackElo "2160"]
[PlyCount "139"]
[EventDate "1994.10.01"]
[EventType "team-tourn"]
[EventRounds "11"]
[EventCountry "GER"]
[SourceTitle "EXT 1997"]
[Source "ChessBase"]
[SourceDate "1996.11.15"]
[SourceVersion "1"]
[SourceVersionDate "1996.11.15"]
[SourceQuality "1"]
[WhiteTeam "Bochum SG"]
[BlackTeam "Dresden SC 1898"]
[WhiteTeamCountry "GER"]
[BlackTeamCountry "GER"]

1. e4 c5 2. Nf3 Nc6 3. d4 cxd4 4. Nxd4 Nf6 5. Nc3 e5 6. Ndb5 d6 7. Bg5 a6 8. Na3 b5 9. Bxf6 gxf6 10. Nd5 f5 11. c3 Bg7 12. exf5 Bxf5 13. Nc2 Be6 14. Nce3 Ne7 15. g3 Nxd5 16. Nxd5 0-0 17. Bg2 a5 18. Qh5 Rb8 19. 0-0 f5 20. Rad1 Qd7 21. Rd2 Rf7 22. Qh4 Kh8 23. Rfd1 Bf8 24. Kh1 Qa7 25. a3 Rc8 26. Qh5 Rc4 27. Ne3 Rc5 28. Nd5 f4 29. Qe2 Bh6 30. gxf4 Bxd5 31. Rxd5 Bf8 32. Rxc5 Qxc5 33. Rd5 Qa7 34. f3 Rxf4 35. Qxb5 Qf2 36. Qd3 Qxb2 37. Qd2 Qxa3 38. h3 Qa1+ 39. Kh2 a4 40. Qc2 a3 41. Ra5 Rf7 42. Ra8 Kg7 43. c4 Be7 44. Ra7 Qd4 45. Rxa3 d5 46. Ra4 Bd6 47. c5 Qxc5 48. Qxc5 Bxc5 49. Ra5 Rc7 50. Bf1 Kf6 51. Bd3 Ke6 52. Bxh7 Bd6 53. Bg8+ Kf5 54. Rxd5 Rc2+ 55. Kg3 Rc6 56. Bh7+ Ke6 57. Be4 Rc7 58. h4 Rg7+ 59. Kh3 Ba3 60. Ra5 Bc1 61. Ra6+ Kf7 62. Ra7+ Kf8 63. Ra8+ Ke7 64. Ra7+ Kf8 65. Ra8+ Ke7 66. h5 Rg1 67. Ra7+ Kf6 68. Kh2 Rg5 69. Bg6 Bf4+ 70. Kh1 1/2-1/2

[Event "BL 9495 (Women)"]
[Site "Germany"]
[Date "1994.10.23"]
[Round "4.3"]
[White "Schaefer, Anke"]
[Black "Nowicki, Eva"]
[Result "1-0"]
[WhiteElo "2135"]
[BlackElo "2125"]
[PlyCount "73"]
[EventDate "1994.10.01"]
[EventType "team-tourn"]
[EventRounds "11"]
[EventCountry "GER"]
[SourceTitle "EXT 1997"]
[Source "ChessBase"]
[SourceDate "1996.11.15"]
[SourceVersion "1"]
[SourceVersionDate "1996.11.15"]
[SourceQuality "1"]
[WhiteTeam "Stade"]
[BlackTeam "Bochum SG"]
[WhiteTeamCountry "GER"]
[BlackTeamCountry "GER"]

1. e4 c5 2. Nf3 Nc6 3. d4 cxd4 4. Nxd4 Nf6 5. Nc3 e5 6. Ndb5 d6 7. Bg5 a6 8. Na3 b5 9. Nd5 Be7 10. Bxf6 Bxf6 11. c3 Ne7 12. Nxf6+ gxf6 13. Be2 Bb7 14. Bf3 d5 15. exd5 Bxd5 16. Nc2 e4 17. Be2 Rg8 18. Ne3 Bc6 19. Qb3 f5 20. Rd1 Qc7 21. Bh5 Rg7 22. Qe6 Kf8 23. Qf6 Bd7 24. 0-0 Be6 25. Kh1 Qf4 26. Rd2 Qg5 27. Rfd1 Nc6 28. Qxg5 Rxg5 29. Be2 Bxa2 30. f4 Rg6 31. Nxf5 Bb3 32. Rf1 Rd8 33. Rxd8+ Nxd8 34. Nd4 Bd5 35. f5 Rb6 36. Rd1 Bb3 37. Nxb3 1-0

[Event "BL 9495 (Women)"]
[Site "Germany"]
[Date "1994.10.02"]
[Round "2.3"]
[White "Nowicki, Eva"]
[Black "Janus, Elfi"]
[Result "1/2-1/2"]
[WhiteElo "2125"]
[BlackElo "2105"]
[PlyCount "73"]
[EventDate "1994.10.01"]
[EventType "team-tourn"]
[EventRounds "11"]
[EventCountry "GER"]
[SourceTitle "EXT 1997"]
[Source "ChessBase"]
[SourceDate "1996.11.15"]
[SourceVersion "1"]
[SourceVersionDate "1996.11.15"]
[SourceQuality "1"]
[WhiteTeam "Bochum SG"]
[BlackTeam "Elberfeld"]
[WhiteTeamCountry "GER"]
[BlackTeamCountry "GER"]

1. e4 g6 2. d4 Bg7 3. Nc3 d6 4. f4 c6 5. Nf3 Bg4 6. Be2 Qb6 7. e5 dxe5 8. dxe5 Nh6 9. Qd4 0-0 10. Qxb6 axb6 11. Be3 b5 12. Bc5 Re8 13. 0-0 Na6 14. Bf2 Nb4 15. a3 Nxc2 16. Rac1 b4 17. Rxc2 bxc3 18. Rxc3 Ra4 19. g3 f6 20. Bd1 Raa8 21. exf6 exf6 22. Kg2 Be6 23. Bb3 Bxb3 24. Rxb3 Re7 25. Bc5 Rd7 26. Re1 Bf8 27. Bd4 Kf7 28. Bb6 Re8 29. Rxe8 Kxe8 30. Re3+ Kf7 31. Nd4 Be7 32. Nb3 Nf5 33. Re2 Rd5 34. Bf2 h5 35. Rd2 Rb5 36. Nd4 Nxd4 37. Bxd4 1/2-1/2

[Event "Wisla op (Women)"]
[Site "Warsaw"]
[Date "1994.??.??"]
[Round "?"]
[White "Bakalarz, Grazyna"]
[Black "Nowicki, Eva"]
[Result "1/2-1/2"]
[WhiteElo "2120"]
[BlackElo "2140"]
[PlyCount "20"]
[EventDate "1994.??.??"]
[EventType "swiss"]
[EventRounds "9"]
[EventCountry "POL"]
[SourceTitle "EXT 1999"]
[Source "ChessBase"]
[SourceDate "1998.11.16"]
[SourceVersion "1"]
[SourceVersionDate "1998.11.16"]
[SourceQuality "1"]

1. d4 d5 2. c4 c6 3. Nf3 Nf6 4. Nc3 e6 5. e3 Be7 6. Bd3 dxc4 7. Bxc4 b5 8. Bd3 Bb7 9. 0-0 a6 10. b3 Nbd7 1/2-1/2

[Event "Wisla op (Women)"]
[Site "Warsaw"]
[Date "1994.??.??"]
[Round "?"]
[White "Erneste, Inguna"]
[Black "Nowicki, Eva"]
[Result "1-0"]
[WhiteElo "2300"]
[BlackElo "2140"]
[PlyCount "105"]
[EventDate "1994.??.??"]
[EventType "swiss"]
[EventRounds "9"]
[EventCountry "POL"]
[SourceTitle "EXT 1999"]
[Source "ChessBase"]
[SourceDate "1998.11.16"]
[SourceVersion "1"]
[SourceVersionDate "1998.11.16"]
[SourceQuality "1"]

1. e4 c5 2. Nf3 Nc6 3. d4 cxd4 4. Nxd4 Nf6 5. Nc3 e5 6. Ndb5 d6 7. Bg5 a6 8. Na3 b5 9. Nd5 Be7 10. Bxf6 Bxf6 11. c3 Ne7 12. Nc2 Nxd5 13. Qxd5 Be6 14. Qc6+ Ke7 15. Ne3 Qd7 16. Nd5+ Bxd5 17. Qxd5 Rhc8 18. Be2 Qc6 19. Qd3 Rab8 20. a3 a5 21. 0-0 Kf8 22. Rfd1 Be7 23. Qf3 b4 24. axb4 axb4 25. Ra6 Rb6 26. Rxb6 Qxb6 27. Qf5 Rc7 28. Qxh7 Bf6 29. c4 Ra7 30. Qh3 Ke7 31. Qb3 Ra5 32. g3 Qb7 33. Qe3 Qa7 34. Qd2 Qb6 35. Qd3 Ra2 36. Qb3 Ra5 37. h4 Qb7 38. Qd3 Qb6 39. Kg2 Ra2 40. Qb3 Ra5 41. Bh5 g6 42. Be2 Rc5 43. Qe3 Qc6 44. Kg1 Qb6 45. Qd2 Qb8 46. Ra1 Rc6 47. Ra5 Rb6 48. Qe3 Ke8 49. h5 gxh5 50. Bxh5 Bd8 51. Qh6 Rb7 52. Rd5 Be7 53. Qe6 1-0

[Event "BL2 SW 9394 (Women)"]
[Site "Germany"]
[Date "1994.??.??"]
[Round "?"]
[White "Modrova, Hana"]
[Black "Nowicki, Eva"]
[Result "1/2-1/2"]
[WhiteElo "2020"]
[BlackElo "2140"]
[PlyCount "38"]
[EventDate "1993.??.??"]
[EventType "team-tourn"]
[EventRounds "7"]
[EventCountry "GER"]
[SourceTitle "EXT 2002"]
[Source "ChessBase"]
[SourceDate "2001.11.25"]
[SourceVersion "1"]
[SourceVersionDate "2001.11.25"]
[SourceQuality "1"]

1. d4 d5 2. Nf3 Nf6 3. Bg5 e6 4. Nbd2 Be7 5. e3 Nbd7 6. Bd3 c5 7. c3 b6 8. 0-0 Bb7 9. Ne5 c4 10. Bc2 b5 11. a3 a5 12. f4 Qc7 13. Qf3 Rf8 14. Bh4 Ne4 15. Nxe4 Bxh4 16. Nf2 Bxf2+ 17. Rxf2 g6 18. Nxd7 Kxd7 19. Qh3 h5 1/2-1/2

[Event "GER-chT Federal Cup (Women)"]
[Site "Germany"]
[Date "1993.03.21"]
[Round "5.2"]
[White "Wagner Michel, Annett"]
[Black "Nowicki, Eva"]
[Result "1/2-1/2"]
[WhiteElo "2180"]
[BlackElo "2150"]
[PlyCount "82"]
[EventDate "1993.03.18"]
[EventType "team-tourn"]
[EventRounds "5"]
[EventCountry "GER"]
[SourceTitle "EXT 2002"]
[Source "ChessBase"]
[SourceDate "2001.11.25"]
[SourceVersion "1"]
[SourceVersionDate "2001.11.25"]
[SourceQuality "1"]
[WhiteTeam "Berlin"]
[BlackTeam "Nordrhein Westfalen"]
[WhiteTeamCountry "GER"]
[BlackTeamCountry "GER"]

1. e4 c5 2. Nf3 d6 3. Bb5+ Nc6 4. Bxc6+ bxc6 5. 0-0 e5 6. h3 Nf6 7. d3 Be7 8. Nbd2 0-0 9. Qe2 h6 10. Nc4 Be6 11. Ne3 Rb8 12. b3 Qc7 13. g4 Nh7 14. Nf5 Bxf5 15. gxf5 Ng5 16. Kh2 Nxf3+ 17. Qxf3 Bf6 18. Rg1 Kh7 19. Qh5 Qe7 20. Be3 Rh8 21. Rg2 Kg8 22. Rag1 Kf8 23. Bg5 Bxg5 24. Rxg5 Qf6 25. Rxg7 Qxg7 26. Rxg7 Kxg7 27. Qg4+ Kf6 28. Qh4+ Kg7 29. f6+ Kg6 30. f4 Rhe8 31. f5+ Kh7 32. Qh5 Rb7 33. Kg3 Rg8+ 34. Kf2 Rg5 35. Qe2 Rb8 36. h4 Rgg8 37. Qh5 Rb7 38. Qe2 Rbb8 39. Qd1 a5 40. Qh5 Rb7 41. a4 Rd7 1/2-1/2